| 000 | 02901nab a2200337 i 4500 | ||
|---|---|---|---|
| 003 | BR-BrBNA | ||
| 005 | 20240314160052.0 | ||
| 008 | 240314b2012 bl.qr|pooa||| 00| 0 eng | | ||
| 040 |
_aBR-BrBNA _beng |
||
| 072 |
_aL74 _b5100 |
||
| 100 | _aCoelho, C.S. | ||
| 100 | _aGama, J.A.N. | ||
| 100 | _aOliveira Júnior, L.A.T. | ||
| 100 | _aSilva, B.S.F. | ||
| 100 | _aSouza, V.R.C. | ||
| 100 | _aEndringer, D.C. | ||
| 100 | _aLenz, D. | ||
| 245 | _aUse of extracts of sunflower-seed oil (Helianthus annus L.) for the treatment of cutaneous injuries in equine metatarsus: a case report | ||
| 500 | _aPublicação on-line; 39 ref.; 2 illus.; Summaries (En, Pt) | ||
| 520 | _a ABSTRACT: This study describes an eighteen-year-old filly after an injury in the region of the dorsal left metatarsus, admitted to veterinary assistance. In addition to the normal treatment, which was characterized by cleaning and topical application of povidone-iodine, sunflower-seed oil was applied locally in order to improve and fasten wound healing. Macroscopic and clinical improvements of the wound healing were observed. The preliminary chemical and physical analyses have shown the stearic acid as the main component. The results suggest that the sunflower-seed oil enable a faster wound healing in horses. Key words: equines, sunflower-seed oil, alternative treatment, wound healing | ||
| 520 | _a RESUMO: Uso do óleo de semente de girassol (Helianthus annus) no tratamento de lesões cutâneas no metatarso de um equino: relato de caso. O presente relato se refere a uma potra de 18 meses de idade que foi encaminhada a atendimento veterinário após sofrer grave lesão na região dorsal do metatarso esquerdo. Além do tratamento convencional, caracterizado pela limpeza e aplicação tópica de iodo-povidine, foi aplicado no local óleo de semente de girassol na tentativa de melhorar e acelerar a cicatrização da ferida. Foi observada a melhora clínica e macroscópica da lesão. Análises preliminares químicas e físicas demonstraram o ácido esteárico como principal componente do óleo usado. Os resultados sugerem que o óleo de semente de girassol é capaz de acelerar e melhorar a qualidade de cicatrização em feridas de equinos. Palavras-chave: equinos, óleo de semente de girassol, terapias alternativas, cicatrização de feridas | ||
| 650 | _aEQUINO | ||
| 650 | _aGIRASSOL | ||
| 650 | _aÓLEO | ||
| 650 | _aTERAPIA | ||
| 650 | _aCICATRIZAÇÃO | ||
| 773 | 0 |
_03543 _9313852 _dBotucatu-SP Instituto de Biociências - Departamento de Química e Bioquímica 1998 _o2024-0124 _tRevista Brasileira de Plantas Medicinais (Brazil) _x1516-0572 _gv. 14(1) p. 125-129; (2012) _wBR2024000160 |
|
| 856 | _uhttps://www.scielo.br/j/rbpm/a/NqLtvJh4GHYsYRrhTXMpBGK/?format=pdf&lang=en | ||
| 942 | _cAnalítica | ||
| 999 |
_c298794 _d298794 |
||